000 00718nab a2200193 4500
001 244442
003 OSt
005 20240618075829.0
007 tu
008 200917s2020|||||||
040 _aDE-2950
_cDE-2950
245 0 0 _aKooperation mit Slubice für viele Frankfurter wichtig
_bWahl. In einer Meinungsumfrage bewerten viele Frankfurter die Zusammenarbeit mit der Nachbarstadt sehr positiv. Bei welchen Projekten die Zustimmung besonders hoch ausfällt/
_cHeinz Kannenberg
264 _c2024
653 _aFrankfurt (Oder)
653 _aMeinungsumfrage
653 _aZusammenarbeit mit Slubice
773 0 _g35. Jahrgang (2024) Nr. 112 vom 15.05.2024, S. 13 mit Foto
_tMärkische Oderzeitung
942 _2z
_cA
999 _c373162
_d373162